000
00236nam a2200097Ia 4500
008
170619s9999 xx 000 0 und d
100
_a
Singhal- Mukesh
245
0
_a
Advanced concept operating system
260
_b
New Dehi: TMH
260
_c
2006
546
_a
ENGLISH
999
_c
18327
_d
18327